Современная математика и ее приложения. Теория вероятностей (Запись № 4582554)

Подробности
000 -МАРКЕР
контрольное поле 01519nas2a22002651i 4500
001 - ИДЕНТИФИКАТОР ЗАПИСИ
контрольное поле RU\NLR\INFOCOMM55\5000139317
005 - ИДЕНТИФИКАТОР ВЕРСИИ
контрольное поле 20240728024101.0
035 ## - ДРУГИЕ СИСТЕМНЫЕ НОМЕРА
Идентификатор записи (NLR Aleph) 002374533
100 ## - ДАННЫЕ ОБЩЕЙ ОБРАБОТКИ
Данные общей обработки 20041208c1989 |||y0rusy50 ca
101 0# - ЯЗЫК РЕСУРСА
Язык текста, звукозаписи и т.д. русский
102 ## - СТРАНА ПУБЛИКАЦИИ ИЛИ ПРОИЗВОДСТВА
Страна публикации Российская Федерация
110 ## - ПОЛЕ КОДИРОВАННЫХ ДАННЫХ: ПРОДОЛЖАЮЩИЕСЯ РЕСУРСЫ
Кодированные данные продолжающегося ресурса zyuzz 0|y|
200 1# - ЗАГЛАВИЕ И СВЕДЕНИЯ ОБ ОТВЕТСТВЕННОСТИ
Основное заглавие Теория вероятностей
210 ## - ПУБЛИКАЦИЯ, РАСПРОСТРАНЕНИЕ И ДР.
Место издания, распространения и т.д. М.
Имя издателя, распространителя и т. д. ВИНИТИ
Дата издания, распространения и т.д. 1989-
225 0# - СЕРИЯ
Основное заглавие серии Современные проблемы математики
Сведения, относящиеся к заглавию Фундаментальные направления
Сведения об ответственности ВИНИТИ
ISSN серии 0233-6723
Обозначение тома ...
225 1# - СЕРИЯ
Основное заглавие серии Итоги науки и техники
300 ## - ОБЩИЕ ПРИМЕЧАНИЯ
Текст примечания В надзаг. также: Гос. ком. СССР по науке и технике, АН СССР
461 #0 - УРОВЕНЬ НАБОРА
Встроенное поле 001RU\NLR\INFOCOMM18\1000224200
-- 2001#$aСовременная математика и ее приложения$eТемат. обзоры$fРос. акад. наук. М-во науки и техн. политики Рос. Федерации Всерос. ин-т науч. и техн. информ. (ВИНИТИ)
Системный номер (АБИС) связанной записи 4518377
Место публикации М.
Дата публикации 1985-
Первые сведения об ответственности Рос. акад. наук. М-во науки и техн. политики Рос. Федерации Всерос. ин-т науч. и техн. информ. (ВИНИТИ)
Сведения, относящиеся к заглавию Темат. обзоры
Заглавие Современная математика и ее приложения
801 #1 - ИСТОЧНИК ЗАПИСИ
Страна Российская Федерация
Организация InfoComm
Дата составления 20041208
801 #0 - ИСТОЧНИК ЗАПИСИ
Страна Российская Федерация
Организация NLR
Правила каталогизации PSBO
852 ## - МЕСТОНАХОЖДЕНИЕ И ШИФР ХРАНЕНИЯ
Идентификатор организации NLR
Шифр хранения (Call Number) П7/2073
942 ## - ДОПОЛНИТЕЛЬНЫЕ ЭЛЕМЕНТЫ ЗАПИСИ (АБИС)
Тип экземпляра АБИС Продолжающееся издание
980 ## - КОЛЛЕКЦИЯ
Название коллекции Русская периодика

Нет доступных экземпляров.